Prénoms garçons 2022 - Statistiques

Statistiques générales
  • Ce quiz a été pris 1 238 fois
    357 depuis la dernière actualisation
  • Le résultat moyen est 36 sur 100
Statistiques - réponses
Hint Lettre Prénom % Correct
2 L Léo
86%
1 L Louis
80%
20 L Lucas
73%
4 G Gabriel
68%
24 P Paul
68%
27 T Théo
68%
17 J Jules
66%
18 M Mathis
62%
51 N Noa
62%
3 R Raphaël
62%
31 N Nathan
60%
14 T Tom
60%
79 M Maxime
58%
16 H Hugo
57%
80 T Thomas
57%
42 V Valentin
57%
59 M Mathéo
56%
15 V Victor
54%
73 A Alexandre
53%
52 A Antoine
52%
9 A Arthur
51%
28 E Enzo
51%
38 N Noé
51%
8 L Liam
50%
40 L Léon
49%
5 M Maël
49%
21 M Martin
49%
12 N Noah
49%
41 C Clément
47%
77 K Kylian
47%
39 S Samuel
47%
48 E Elio
45%
6 S Sacha
45%
70 B Baptiste
44%
64 C Charles
44%
29 E Ethan
44%
47 S Simon
44%
100 W William
44%
32 G Gabin
43%
30 T Timéo
43%
7 A Adam
42%
95 A Alexis
42%
86 M Mohamed
42%
10 N Nolan
40%
50 A Axel
39%
87 O Oscar
38%
46 E Eliott
37%
25 G Gaspard
37%
62 E Evan
36%
36 R Robin
36%
78 M Mattéo
35%
84 C Charlie
32%
69 N Noam
32%
13 M Malo
31%
75 N Naël
31%
68 N Nino
30%
98 C Camille
29%
93 R Rayan
29%
53 T Timothée
29%
34 M Milo
28%
11 E Eden
26%
22 A Aaron
25%
37 L Léandre
25%
97 R Roméo
25%
19 T Tiago
25%
54 A Augustin
24%
44 C Charly
24%
26 M Marceau
24%
55 M Mathys
24%
23 M Marius
23%
91 O Owen
23%
33 L Lenny
22%
56 M Marin
22%
96 S Soan
22%
58 A Auguste
20%
35 I Isaac
20%
83 J Jeremy
20%
66 J Joseph
20%
45 L Louka
20%
61 B Basile
19%
63 M Milan
19%
94 P Pablo
19%
92 A Andréa
18%
57 C Côme
18%
82 E Erwan
17%
74 L Lyam
17%
43 A Alessio
15%
85 D Diego
15%
99 O Octave
15%
71 R Ruben
15%
90 A Amaury
13%
49 A Ayden
13%
89 S Sohan
13%
67 M Mattia
12%
65 A Amir
11%
60 L Livio
11%
76 M Mahé
11%
88 M Malone
9%
81 N Nathaël
9%
72 E Ezra
4%
Aucun quiz correspondant
Distribution des résultats
% des personnes avec chaque résultat
Percentile par nombre de réponses
Votre historique - résultats
Vous n’avez pas pris ce quiz depuis la dernière actualisation